| 000 | 00484nam a22001817a 4500 | ||
|---|---|---|---|
| 008 | 170616b xxu||||| |||| 00| p tur d | ||
| 020 | _a9753043325 | ||
| 041 | _atur | ||
| 050 | _aPL248.U978 | ||
| 100 |
_aUzunbay, Zeynep _9317 |
||
| 245 |
_aYara Falı _cZeynep Uzunbay |
||
| 250 | _a1. baskı | ||
| 260 |
_aİstanbul _bDünya Yayıncılık _cHaziran 2006 |
||
| 300 | _a115 sayfa | ||
| 500 | _aDünya Kitapları: 422; Şiir: 16 | ||
| 650 | 0 |
_9145 _aTürk Edebiyatı |
|
| 942 |
_2lcc _cBK |
||
| 999 |
_c283 _d279 |
||